000 00287nam a2200121Ia 4500
005 20251222154439.0
008 251222s9999||||xx |||||||||||||| ||spa||
020 _a84-320-9072-7
082 _a828.5/S98/1987
100 _a"Swift, Jonathan"
245 0 _aViajes de Gulliver
942 _cLIB
999 _c36743
_d36743